Are SMEs in the Slovak Republic Financially Constrained in Investing?
Empirická štúdia o vplyve nedokonalostí finančného trhu na investovanie automobilových firiem v SR na základe údajov z roku 2016.
Saved in:
| Main Author: | |
|---|---|
| Format: | Book Chapter |
| Language: | English |
| Subjects: | |
| Tags: |
No Tags, Be the first to tag this record!
|
MARC
| LEADER | 00000naa a2200000 4500 | ||
|---|---|---|---|
| 001 | 0242437 | ||
| 005 | 20240502083650.4 | ||
| 041 | 0 | |a eng | |
| 044 | |a DE | ||
| 245 | 1 | 0 | |a Are SMEs in the Slovak Republic Financially Constrained in Investing? |c Katarína Belanová |
| 520 | |a Empirická štúdia o vplyve nedokonalostí finančného trhu na investovanie automobilových firiem v SR na základe údajov z roku 2016. | ||
| 610 | 2 | 0 | |a podnik |
| 610 | 2 | 0 | |a podnik malý |
| 610 | 2 | 0 | |a podnik stredný |
| 610 | 2 | 0 | |a financie podnikové |
| 610 | 2 | 0 | |a financovanie podnikov |
| 610 | 2 | 0 | |a zdroje finančné |
| 610 | 2 | 0 | |a trh finančný |
| 610 | 2 | 0 | |a nedokonalosť trhu |
| 610 | 2 | 0 | |a investície |
| 610 | 2 | 0 | |a investovanie |
| 610 | 2 | 0 | |a rozhodovanie investičné |
| 610 | 2 | 0 | |a Slovensko |
| 610 | 2 | 0 | |a priemysel automobilový |
| 610 | 2 | 0 | |a analýza empirická |
| 100 | 1 | |a Belanová, Katarína, 1978- | |